Score 0/24 Timer 03:00
1 Play Today
Group Missing Word % Correct
Records of the YearCalifornia
92.5%
Albums of the YearSaturday
91.5%
Records of the YearWorry
91.2%
Records of the YearBeat
90.6%
Records of the YearHeart
88.3%
Records of the YearDo
87.5%
Albums of the YearTroubled
87.5%
Albums of the YearLonely
85.8%
Albums of the YearBrother
82%
Records of the YearWorld
76.9%
Records of the YearBoulevard
73.1%
Records of the YearRose
69%
Group Missing Word % Correct
Albums of the YearJagged
67%
Records of the YearNeed
56.3%
Records of the YearSomebody
52.9%
Albums of the YearLife
48%
Records of the YearWhy
45.9%
Albums of the YearDismantle
35%
Records of the YearIpanema
34.7%
Albums of the YearMiseducation
27%
Albums of the YearSpeakerboxxx
23.1%
Albums of the YearPhoenix
22.9%
Albums of the YearFantasy
18.5%
Albums of the YearSeptember
3.3%

Today's Daily Dose

Missing Word
Lizzo Songs

Get the Picture
The Longest Rivers

Remove Ads.
Support Sporcle.
Get the best of Sporcle when you Go Orange. This ad-free experience offers more features, more stats, and more fun while also helping to support Sporcle. Thank you for becoming a member.

You're not logged in!

Compare scores with friends on all Sporcle quizzes.
OR
Log In

Show Comments

Extras

Top Quizzes Today


Score Distribution

Your Account Isn't Verified!

In order to create a playlist on Sporcle, you need to verify the email address you used during registration. Go to your Sporcle Settings to finish the process.

Report this User

Report this user for behavior that violates our Community Guidelines.

Details: